[Event "Khanty-Mansiysk FIDE GP (Women)"]
[Site "Khanty-Mansiysk"]
[Date "2016.11.26"]
[Round "7"]
[White "Zhukova, Natalia"]
[Black "Skripchenko, Almira"]
[Result "1-0"]
[WhiteElo "2448"]
[BlackElo "2455"]
[Annotator "Mikhalchishin,A"]
[PlyCount "69"]
[EventDate "2016.11.19"]
[EventType "tourn"]
[EventRounds "11"]
[EventCountry "RUS"]
[EventCategory "10"]
[SourceTitle "CBM 176"]
[Source "ChessBase"]
[SourceDate "2017.01.17"]
[SourceVersion "1"]
[SourceVersionDate "2017.01.17"]
[SourceQuality "1"]

1. d4 Nf6 2. Nf3 e6 3. g3 b5 4. Bg2 d5 {A very popular setup recently - the
main idea is to avoid Catalan positions.} 5. O-O Nbd7 ({Some players have
tried the immediate} 5... c5) 6. b3 Bb7 ({Interesting alternatives here are} 
6... c5 7. c4 bxc4 8. bxc4 Bb7 9. cxd5 Nxd5 10. Bb2 Qb6 11. Qb3 c4 12. Qxb6
axb6 13. Rc1 b5 14. a4 b4 15. Rxc4 N7b6 16. Rc1 Nxa4 17. Nbd2 Ra6 18. Nc4 Be7 {
Kozhuharov,S (2406)-Dobrev,N (2352)/Teteven 2009, with a very good endgame.}) (
6... Ba6 7. Nbd2 (7. Ne5 Nxe5 8. dxe5 Nd7 9. e4 c6 10. Re1 Be7 11. exd5 cxd5
12. Qg4 Kf8 13. Nd2 h5 14. Qe2 Rc8 $15 {Fressinet,L (2717)-Morozevich,A (2731)/
Dubai 2014}) 7... c5 8. c4 Rc8 9. Bb2 cxd4 10. cxd5 e5 11. Nxe5 Nxe5 12. Bxd4
Ned7 13. e4 Bc5 14. Bb2 b4 {Ernst,S (2554)-Bartel,M (2635)/Germany 2013, abd
Black has a slight advantage.}) 7. c4 (7. Qd3 b4 8. Qb5 Qc8 9. c4 a5 10. cxd5
exd5 11. Ne5 c6 12. Qd3 Bd6 13. Bf4 O-O 14. Rc1 Qe8 15. Nxd7 Qxd7 16. Bxd6 Qxd6
17. Qc2 Rfe8 {Howell,D (2620)-Lalith,B (2529)/Leiden 2012, Black faces no real
problems.}) 7... bxc4 8. bxc4 dxc4 9. Qa4 ({A much more testing move here is} 
9. Na3 c3 (9... Bd5 $5 10. Qa4 c5 ({Two options were very promising here} 10...
Rb8 11. Bd2 Be7 12. Nxc4 O-O $132) (10... c6 11. Ne5 Nb6) 11. Nxc4 cxd4 $2 (
11... Be7 12. Nce5 O-O 13. Nc6 Bxc6 14. Qxc6 Rc8 15. Qa4 $14) 12. Nxd4 Bxg2 (
12... Bc5 13. Nc6 Qc8 14. Bf4 (14. Be3) 14... O-O 15. Nd6 Qxc6 16. Qxc6 Bxc6
17. Bxc6 e5 18. Bxa8 Rxa8 19. Nb7 exf4 20. Nxc5 Nxc5 21. gxf4 $14) 13. Kxg2 Bc5
14. Nc6 Nb6 15. Nxd8+ Nxa4 16. Nb7 {Riazantsev,A (2594)-Zhigalko,S (2496)/
Cappelle la Grande 2006, with a clearly better endgame.}) 10. Nb5 Bb4 11. Qb3
a5 12. Nxc3 c5 13. a3 c4 14. Qb2 Bxc3 15. Qxc3 Qc8 16. Bf4 O-O 17. Rfc1 Nb6 18.
Rab1 {Huebner,R (2604)-Kramnik,V (2777)/Brissago 2004 and White keeps soe
slight pressure.}) 9... Bd6 (9... c5 {seems preferable:} 10. Ba3 (10. Rd1 {
Mikhalchishin} Nd5 11. Qxc4 Rc8 {as Leko played}) 10... Rc8 11. Qxc4 Qa5 12.
Qb3 Bxf3 13. Qxf3 cxd4 14. Bxf8 Kxf8 15. Qd3 e5 16. e3 Nc5 {Weiss,C (2389)
-Naiditsch,A (2576)/Deizisau 2004, with a very unbalanced position.}) (9... Be7
10. Ne5 Bxg2 11. Kxg2 c5 12. dxc5 O-O 13. Nc6 Nxc5 14. Qxc4 Qc7 15. Nxe7+ Qxe7
16. Ba3 Rfc8 17. Kg1 Qb7 18. Bxc5 Ne4 {Hammer,J (2695)-Donchenko,A (2588)/
Stockholm 2016, equalising.}) 10. Ne5 ({Or} 10. Qxc4 O-O 11. Nc3 Nb6 12. Qd3 c5
13. Bg5 Rc8 14. Bxf6 Qxf6 15. Ng5 Qxg5 16. Bxb7 c4 17. Qc2 Rc7 18. Bg2 Bb4 19.
a3 Bxc3 20. Qxc3 Rfc8 {Korobkov,P (2423)-Shimanov,A (2594)/Moscow 2015, and
Black has solved all his problems.}) 10... Bxg2 11. Kxg2 O-O 12. Nxc4 Nb6 13.
Qc6 Nxc4 (13... Be7 {was not bad.}) 14. Qxc4 c5 15. Nd2 cxd4 (15... Rc8 {
was typical and good here.}) 16. Qxd4 Qe7 (16... Be7 {was very good:} 17. Bb2
Qd5+ $6 {a bit premature} ({A better move was} 17... Qa5) 18. Nf3 Rfd8 19. Rfd1
Qb7 20. Qe5 Ne8 21. Bc3 Bf6 ({but it was possible to try the more active} 21...
Qa6) 22. Qe3 Bxc3 23. Qxc3 h6 {Feller,S (2573)-Levin,F (2528)/Belgium BEL 2016,
with equality.}) 17. Rb1 Rfd8 (17... Rab8 {was possible}) 18. Ne4 Nxe4 (18...
e5 {was more aggressive} 19. Nxf6+ Qxf6 20. Qe3 Qe6) 19. Qxe4 Rab8 20. Be3 h6 (
{A better try was} 20... a5) 21. Rfd1 Rxb1 22. Rxb1 Rd7 ({White would have
just a symbolic advantage after} 22... Bc5 23. Rb7 Qd6 24. Qf3 Rf8 25. Bxc5
Qxc5 26. a4 a6) 23. a4 ({Black would face some problems with her king after} 
23. Qc6 Rc7 24. Rb8+ Kh7 25. Qa8) 23... f5 24. Qc6 Rc7 25. Qa8+ Kh7 26. Rb8 Qf7
({It was necessary to threaten a queen swap by} 26... Qd7 {[%cal Gd7c6]}) 27.
h4 $1 Kg6 {The black king feels some serious discomfort!} 28. a5 {!} Qd7 29.
Rd8 {!} Qc6+ 30. Qxc6 Rxc6 31. Bxa7 Ra6 32. Bd4 Bb4 33. Rg8 {Now the king has
real problems!} Rxa5 34. Rxg7+ Kh5 35. f3 1-0

[Event "Dubai op"]
[Site "Dubai"]
[Date "2001.04.15"]
[Round "1"]
[White "Filippov, Valerij"]
[Black "Asylguzhin, Radik"]
[Result "1-0"]
[WhiteElo "2632"]
[BlackElo "2384"]
[Annotator "Mikhalevski,V"]
[PlyCount "51"]
[EventDate "2001.04.15"]
[EventType "swiss"]
[EventRounds "9"]
[EventCountry "UAE"]
[SourceTitle "CBM 083"]
[Source "ChessBase"]
[SourceDate "2001.07.05"]
[SourceVersion "1"]
[SourceVersionDate "2001.07.05"]
[SourceQuality "1"]

1. Nf3 d5 2. g3 Nf6 3. Bg2 e6 4. O-O Be7 5. d4 b5 {A rare move,which however
has a logical explanation.Black prevents c4 not allowing to transpose to
Catalan.} 6. a4 ({More often white meets 5...b5 with} 6. Bg5) ({or} 6. Ne5)
6... b4 7. c4 bxc3 8. Nxc3 (8. bxc3 O-O 9. Nbd2 (9. c4 $5 $11) 9... Nbd7 10.
Qc2 Ba6 11. Re1 c5 12. Ne5 Rc8 13. Nxd7 Qxd7 14. dxc5 Bxc5 $15 {0-1 Weiland,
G-Bischoff,K/Bad Woerishofen 2000/CBM 75 ext (27)}) 8... c5 (8... O-O $5 9. Ne5
Bb7 10. Qb3 Qc8 {1-0 Haves,R-Schlaugat,M/Germany 1988/GER-chT2 (10)}) 9. dxc5
Bxc5 10. e4 Ba6 11. exd5 $6 {Interesting,but probably not sufficient.} (11. Re1
$142) 11... Bxf1 12. Qxf1 exd5 13. Bg5 {[%csl Rd5][%cal Ga1d1]} O-O 14. Rd1 {
[%cal Gc3d5,Gd1d5]} Nbd7 $1 {Best defence.} 15. Nxd5 Qa5 $1 16. Nh4 $5 {
[%csl Rf5] Keeping the pressure.White has been using the fact that 16...N:d5
is dangerous for black and thus brings the knight to f5.} (16. Nxf6+ $5 Nxf6
17. Ne5 (17. Bxf6 gxf6) 17... Rad8 $1 (17... Bxf2+ $143 18. Qxf2 Qxe5 19. Bxf6
gxf6 20. Bxa8 Rxa8 21. b4 $14) 18. Bxf6 Bxf2+ $1 (18... gxf6 19. Nd7 Qxa4 20.
Bh3 $1 $44) 19. Kxf2 Qb6+ 20. Ke1 Rde8 $36 (20... Qb4+ 21. Kf2 Qb6+)) 16...
Rab8 $1 {[%csl Gf2][%cal Gb8b2] Cool defence.White still has nothing desisive
on the king side.} (16... Nxd5 $6 17. Rxd5 (17. Bxd5 $6 Rab8) 17... Rae8 {
[%cal Ge8e1]} (17... Nb6 18. Bd2 $1) 18. Be3 $1 Rxe3 19. fxe3 Bxe3+ 20. Kh1 $36
{[%cal Gh4f5]}) 17. b4 $1 {White finds some chances to liven his initiative,
but unfortunately it's not enough.} Bxb4 18. Bxf6 ({An attempt to win back an
exchange would lead to a position with a pawn down without compensation:} 18.
Bf4 Nxd5 19. Rxd5 Qxa4 20. Bxb8 Rxb8 $17 {,but maybe it was worth a try.})
18... Nxf6 19. Nxf6+ gxf6 20. Bd5 Qxa4 21. Nf5 Rfe8 $5 (21... Bc5 $1 {[%csl
Gd4] preventing Rd4 was simplier.}) 22. Rd4 Qc2 $2 {[%mdl 16384] After a
number of good defensive moves Black goes wrong and White finally gets
sufficient compensation.} (22... Re1 $4 23. Qxe1 {[%cal Rd4a4]}) ({Much better
was} 22... Qb5 $1 {[%cal Ge8e1]} 23. Nh6+ $8 (23. Qh3 $4 Re1+ 24. Kg2 Qf1+) (
23. Bc4 $4 Qxf5) 23... Kf8 (23... Kg7 $4 24. Rg4+ Kf8 25. Rg8+ Ke7 26. Qxb5
Rxb5 27. Rxe8+ Kxe8 28. Bc6+ Ke7 29. Bxb5 $18) (23... Kh8 $2 24. Qxb5 Rxb5 25.
Rg4 Rf8 26. Nxf7+ Rxf7 27. Bxf7 Rb8 $11) 24. Bc4 $5 Qb6 25. Rd1 (25. Qd3 Bc5
26. Rd7 (26. Qxh7 $2 Qb1+ {[%csl Rd4,Rg1,Rh7]}) (26. Rg4 Qb1+ $19 {[%csl Rd3,
Rg1]}) 26... Rb7) 25... Rbd8 $1 26. Rxd8 Rxd8 {and Black wins.}) 23. Qh3 $11 {
[%csl Rg8][%cal Gh3g4]} Re1+ $2 {This check is probably a decisive error.} ({
Necessary was} 23... Kh8 $1 {and White has nothing better than} 24. Nh6 (24.
Rh4 $4 Qd1+ {[%csl Rd5,Rg1]}) 24... Re7 $1 25. Qh4 (25. Nxf7+ Rxf7 26. Bxf7 Bc5
27. Rf4 Bxf2+ $1 28. Rxf2 Rb1+ 29. Kg2 (29. Rf1 Qc5+ 30. Kh1 Qc6+ 31. Kg1 Qb6+
32. Kh1 Qb7+ 33. Kg1 Rxf1+ 34. Kxf1 Qxf7) 29... Qe4+ 30. Rf3 Rb2+ (30... Qe2+
31. Rf2 Qe4+ $11) 31. Kg1 Qxf3 32. Qc8+ Kg7 33. Qg8+ Kh6 34. Qf8+ Kg5 35. Qc5+
Kh6 $8 36. Qf8+ $11) 25... Qc1+ 26. Kg2 Qg5 27. Nxf7+ Rxf7 28. Bxf7 $11 {
with equal endgame.}) 24. Kg2 Bf8 $4 {[%mdl 8192] Black misses a simple
tactical blow.} (24... Kh8 $8 {was much more stubborn:} 25. Nh6 $1 {[%cal
Gh6f7]} ({But not} 25. Rh4 {because of} Rg1+ $1 26. Kxg1 Qd1+ 27. Kg2 Qxd5+ 28.
Kg1 Qd1+ $11) 25... Rf8 $1 {Only move again.} (25... Re2 {loses to} 26. Nxf7+
Kg8 (26... Kg7 $2 27. Qh6+ Kg8 28. Ne5+ Kh8 29. Qxf6#) 27. Qg4+ Kf8 (27... Qg6
$2 28. Ne5+) 28. Nd8 $1 Rxf2+ (28... Qg6 29. Qxe2 Rxd8 30. Rg4 Rxd5 31. Rxg6
hxg6 32. Qc4 $18 {[%csl Rb4,Rd5]}) 29. Kg1 Qg6 (29... Qc1+ 30. Kxf2 Be1+ 31.
Kf3 $1 (31. Kg2 Rb2+ 32. Kh3 Qh6+ 33. Qh4 $18) 31... Qc3+ 32. Kg2 Rb2+ 33. Kh1
$18) 30. Ne6+ Ke7 31. Qxg6 hxg6 32. Kxf2 $18 {[%csl Rc5][%cal Ge6c5]}) 26.
Nxf7+ $1 {This is much better than 26.R:b4.} (26. Rxb4 {also looks good,but
after} Qd3 $1 {black puts a serious resistance:} (26... Qe2 $2 {[%cal Ge2f1]}
27. Nxf7+ Rxf7 28. Qc8+ $1 Kg7 (28... Qe8 29. Qxe8+ Rxe8 30. Bxf7 $18) 29. Rg4+
Kh6 30. Bc4 $1 {[%csl Gf1] Nice geometry.} Qc2 (30... Rc1 31. Rh4+ Kg7 32.
Rxh7+ $1 Kxh7 33. Qf5+ Kg7 34. Bxe2 $18) 31. Qg8 $1 {[%cal Gg4h4]} Re4 32. Bxf7
$18) 27. Nxf7+ Rxf7 28. Rb8+ ({Now} 28. Qc8+ Kg7 29. Rg4+ Kh6 30. Bc4 {doesn't
work because of} Qd7 {(Compare with 26...Qe2)}) 28... Kg7 29. Qg4+ Kh6 (29...
Qg6 30. Qc8 Ree7 (30... Kh6 31. Bxf7 Qxf7 32. Qh3+ Kg7 33. Qg4+ Kh6 $14) 31.
Qh8+ Kh6 32. Rb4 Re5 33. Rh4+ Rh5 34. Bxf7 Qxf7 35. Re4 $14) 30. Bc4) 26...
Rxf7 27. Bxf7 {[%csl Rh8] Now despite a material equality White has a clear
edge as black king is in a serious danger.} Qc6+ (27... Be7 28. Bc4 $1 {
[%cal Gh3c8]} f5 (28... Re4 29. Bd3 $18 {[%csl Rc2,Re4]}) 29. Qh6 $1 $18 {
[%cal Gd4d8]}) (27... Qc7 28. Bg6 {[%cal Gd4d8]} Qb7+ (28... Qc6+ 29. Re4 {
[%csl Rh7]} Qb7 30. Bxh7 Kg7 31. Bf5 $18) 29. Be4 $1 Rxe4 (29... Qxe4+ 30. Rxe4
Rxe4 31. Qc8+ Kg7 32. Qb7+ $18 {[%csl Rb4,Re4,Rg7]}) 30. Rd7 Qxd7 (30... Rh4+
31. Rxb7 Rxh3 32. Kxh3 $18) 31. Qxd7 {[%csl Rb4,Re4,Rf6]} Be7 $8 (31... a5 32.
Qf5 $18 {[%csl Re4,Rf6]}) 32. Qxa7 {and white has to win despite some
technical difficulties.}) 28. Bd5 {[%csl Rb4,Rc8][%cal Gh3c8,Gd4b4]} Qb5 29.
Qc8+ Re8 30. Qf5 Rf8 31. Rh4 {[%csl Rh7]} Rf7 {Now white sacrifices a rook to
show the strength of Q+B.} 32. Rxh7+ $1 {[%mdl 512]} Rxh7 33. Qxf6+ Rg7 34.
Qh4+ Rh7 35. Qd8+ Kg7 36. Qg8+ Kf6 37. Qe6+ Kg7 (37... Kg5 38. f4+ Kh5 39. Bf3#
) 38. Qf7+ Kh6 39. Qf6+ Kh5 40. Bf3#) 25. Bxf7+ $1 $18 Kxf7 (25... Kh8 {
is not better} 26. Qxh7+ $1 Kxh7 27. Rh4+ Bh6 28. Rxh6#) 26. Qxh7+ (26. Qxh7+
Ke6 (26... Ke8 27. Qd7#) 27. Qd7+ Ke5 28. Qd5#) 1-0

[Event "Hastings 0203 78th"]
[Site "Hastings"]
[Date "2002.12.29"]
[Round "2"]
[White "Harikrishna, Pentala"]
[Black "Sasikiran, Krishnan"]
[Result "1/2-1/2"]
[WhiteElo "2551"]
[BlackElo "2670"]
[Annotator "Mikhalevski,V"]
[PlyCount "74"]
[EventDate "2002.12.28"]
[EventType "tourn"]
[EventRounds "9"]
[EventCountry "ENG"]
[EventCategory "12"]
[SourceTitle "CBM 093"]
[Source "ChessBase"]
[SourceDate "2003.04.01"]
[SourceVersion "1"]
[SourceVersionDate "2003.04.01"]
[SourceQuality "1"]

1. d4 Nf6 2. Nf3 e6 3. g3 d5 4. Bg2 b5 {A rare move,which however has a
logical explanation.Black prevents c4 not allowing to transpose to Catalan.} 5.
O-O Be7 6. a4 ({More often white meets b5 with} 6. Bg5) ({or} 6. Ne5) 6... b4
7. c4 bxc3 8. Nxc3 (8. bxc3 O-O 9. Nbd2 (9. c4 $5 $11) 9... Nbd7 10. Qc2 Ba6
11. Re1 c5 {with a comfortable advantage for Black 0-1 Weiland,G-Bischoff,K/
Bad Woerishofen 2000/CBM 75 ext (27)}) 8... Nbd7 {A new move in a rare
position. In the previous games black tested three different moves: 8...c5;8...
Nc6 and 8...0-0.} ({Black's alternatives are:} 8... c5 9. dxc5 Bxc5 10. e4 Ba6
11. exd5 $6 {Interesting,but probably not sufficient. Fillipov-Asylguzhin,2001
CBM 83 [Mikhalevski,V]} (11. Re1 $142)) (8... O-O $5 9. Ne5 Bb7 10. Qb3 Qc8 {
1-0 Haves,R-Schlaugat,M/Germany 1988/GER-chT2 (10)}) ({and} 8... Nc6 9. Ne5
Nxe5 10. dxe5 Nd7 11. e4 c6 12. exd5 cxd5 13. Qg4 Kf8 14. Re1 $13 {1-0
Maherramzade,J-Luther,T/Ubeda 1998/CBM 62 ext (56)}) 9. Bf4 {[%cal Gc3b5]
White develops his bishop and creats a one-move threat Nb5.} c6 {[%cal Gc8a6]
Black leaves the a6-square for his bishop. Otherwise he would play a6.} ({
Another option was to play} 9... a6 {preparing c5.}) ({In case of} 9... Nh5 {
White has an interesting possibility} 10. Ne5 $5 (10. Be3) 10... Bb7 $1 (10...
Nxf4 $4 {loses to} 11. Nc6 {[%csl Rd8]}) ({ALso dubiuos is} 10... Nxe5 $6 11.
Bxe5 f6 12. e4 $1 {[%csl Rh5]} g6 13. exd5 $1 {[%csl Ra8][%cal Gd5d6,Gd5e6,
Gg3g4]}) 11. Be3 {with some advantage.}) 10. Rc1 ({It was interesting to
prepare attack of the c6-pawn from a4.} 10. a5 $5 {[%cal Gd1a4]} Ba6 11. Qa4
Rc8 12. Rfc1 {[%csl Rc6]}) 10... Ba6 ({Immediate} 10... O-O {with the idea c5
looked better.}) 11. b4 $5 {Shocking move. And that's its main advantage! It
seems that Black is ok after both 11...Nh5 and 11...Bxb4, but probably the
shock was too strong for Krishnan and he allows to his younger opponent to
seize an advantage.} (11. Re1 {[%cal Ge2e4]}) 11... Nh5 {Sasikiran avoids
complications.} ({It was possible to accept this sacrifice:} 11... Bxb4 12. Na2
{[%csl Rb4,Rc6]} c5 $1 (12... Be7) 13. Nxb4 ({in case of} 13. Bd6 {Black can
choose between} Qb6 $5 ({and} 13... Ba3 14. Rc3 $140 Ne4 {[%csl Rc3,Rd6]} 15.
Rxa3 Nxd6)) 13... cxb4 14. Bc7 Qe7 15. Rc6 $1 {[%csl Ra6][%cal Gc7d6]} Bb7 16.
Bd6 Qd8 17. Rc7 Ne4 $1 {The key-move which allows to equalize.} 18. Rxb7 Nxd6
19. Rxb4 Rc8 $11) 12. Bd2 $1 O-O (12... Bxb4 {would be answered with} 13. Ne5
$1 {[%csl Rc6,Rh5] White attacks the c6-pawn and in case of} Nxe5 ({Or} 13...
Rc8 14. Nb5 $1 {[%csl Rd6,Re8][%cal Ge5c6,Gd2b4]} cxb5 15. Bxb4 {[%csl Gb4,Re8]
and Black's king is stuck in the centre.}) 14. dxe5 {[%csl Rh5] Black has
problems with the knight on h5.}) 13. b5 ({And again} 13. Ne5 {deserved
serious attention} Nxe5 (13... Bb7 14. Na2 {[%csl Rc6]}) 14. dxe5 {[%csl Rh5]}
g6 15. b5 {[%cal Gd2h6] and White looks better.}) 13... cxb5 14. axb5 Bb7 15.
Na4 $5 {[%cal Ga4c5]} (15. Ne5 $5 Nxe5 16. dxe5 {[%csl Rh5]} g6 {leads to the
position after 13. Ne5.}) 15... Rc8 $6 {[%csl Gc5] Probably this natural move
is an inaccuracy.} ({Black could ignore the idea of 16.Nc5} 15... Nhf6 $1 {
[%cal Gf6e4]} 16. Nc5 (16. Qb3 $5) 16... Qb6 $1 {with a good position for
Black.}) 16. Qb3 $14 {White is better thanks to a space advantage.} Nhf6 17.
Rxc8 Qxc8 18. Rc1 {Taking the c-file.} Qa8 19. Bb4 $1 {Good positional
decision. Exchange of dark-squared bishops is in White's favor. The only
problem is that White might have not enough material for a win.} ({In case of} 
19. Nc5 {Black holds with} Rc8 20. Nxd7 Rxc1+ 21. Bxc1 Nxd7 22. Ba3 $1 Bf6 $1
$11 {[%cal Ga7a6]}) 19... Bxb4 20. Qxb4 Rc8 ({Black had an interesting
tactical resource} 20... a6 {with the idea} 21. b6 Bc6 {[%csl Rb6]} 22. Nc5 Rb8
{[%csl Rb6] and it seems that Black simply wins a pawn.} {However} 23. b7 $1
Bxb7 24. Nxd7 Nxd7 25. Qe7 $1 Bc6 26. Ng5 $1 {and black starts to experience
problems:} Rf8 27. Nxf7 $5 {[%csl Rc6,Re6]} (27. Nxe6 $5) 27... Re8 (27... Rxf7
$2 28. Qxe6 {is hopeless for Black}) 28. Qd6 {[%csl Rc6][%cal Gf7g5] and Black
has to defend passively.}) 21. Rxc8+ (21. Nc5 $5 {would keep the pressure.})
21... Qxc8 22. Nc5 a6 $1 {Exchanging queen side pawns Back reaches an equality.
} 23. bxa6 ({Bas is} 23. b6 $2 Nxc5 $1 24. dxc5 ({or} 24. Qxc5 Qxc5 25. dxc5
Nd7 $1 ({but not} 25... Ne4 $2 26. c6 $1 Bxc6 27. Ne5 Ba8 28. Bxe4 dxe4 29. Nc4
$16 {[%cal Gc4a5]})) 24... Ne4 {[%csl Rc5]}) 23... Bxa6 24. Nxa6 Qxa6 $11 {
Black fully equalized.} 25. Bf1 h6 26. e3 Qa2 {[%cal Gf6e4]} 27. Bd3 Ne4 $5 {
Active defense.} 28. Bxe4 (28. Qe1 $11) 28... dxe4 29. Ne5 Nxe5 30. Qb8+ Kh7
31. Qxe5 f5 ({Also} 31... Qd5 {was enough for equality.}) 32. Kg2 Qe2 {[%csl
Gd1,Gh5][%cal Ge2f3] The simplest. Black is going for perpetual.} 33. Qf4 g5 {
[%csl Gf3]} 34. Qc7+ Kg6 {Black can't stop Qf3 anymore. So draw is inevitable.}
35. Qe7 Qf3+ 36. Kg1 Qd1+ 37. Kg2 Qf3+ {Interesting game of two young Indian
talents} 1/2-1/2

[Event "World Women-ch k.o."]
[Site "Teheran"]
[Date "2017.02.13"]
[Round "1.3"]
[White "Hejazipour, Mitra"]
[Black "Bodnaruk, Anastasia"]
[Result "1-0"]
[WhiteElo "2325"]
[BlackElo "2463"]
[Annotator "Moradiabadi,E"]
[PlyCount "81"]
[EventDate "2017.02.11"]
[EventType "k.o."]
[EventRounds "7"]
[EventCountry "IRI"]
[SourceTitle "CBM 177"]
[Source "ChessBase"]
[SourceDate "2017.03.16"]
[SourceVersion "1"]
[SourceVersionDate "2017.03.16"]
[SourceQuality "1"]

{A fine positional display by the hosts' heroine.} 1. d4 Nf6 2. Nf3 e6 3. g3 b5
$5 {This move indicates that Bodnaruk is playing for a win with Black!} 4. Bg5
(4. Bg2 Bb7 5. O-O c5 6. c3 {would have been my choice.}) 4... Bb7 5. Bg2 Be7
6. Nbd2 O-O 7. O-O d6 (7... d5 8. c3 Nbd7 9. Qc2 c5 {0-1 (66) Teske,H (2475)
-Lenic,L (2639) Berlin 2015; was probably a better choice since Black would
gain more space in this continuation.}) 8. c3 Nbd7 9. a4 a6 10. axb5 axb5 11.
Qb3 c6 12. e4 e5 $6 {This is like a bad version of the Philidor Defence when
White has the upper hand in development.} (12... h6 13. Bxf6 Bxf6 {would have
led to a harmless solid position for Black.}) 13. h3 Qc7 14. Nh4 g6 15. Nhf3 {
I am not sure if it is a good provocative move or simply a loss of two tempi.
I am inclined to believe the latter.} Kg7 $6 {Odd square for the king.} (15...
Rfe8 {[#] would have been my choice with the idea of ...Bf8.}) 16. Rfe1 Nb6 $6
{A decidedly odd square for the knight!} 17. Be3 Nfd7 18. Ng5 (18. h4 h5 19.
Ng5 {looks more convincing to me.}) 18... Bxg5 19. Bxg5 Ba6 20. Be3 Nc4 21.
Nxc4 bxc4 22. Qc2 Bb5 23. Qd2 Rfd8 24. f4 {White is much better. Hejazipour
converted her advantage with ease.} f6 25. Red1 Ba4 26. Rf1 exd4 27. cxd4 Qa5
28. Qf2 Qb5 29. e5 f5 30. g4 Re8 31. gxf5 gxf5 32. d5 c5 33. Bd2 Qxb2 34. Qg3+
Kf8 35. Bc3 Qb7 36. e6 Nb6 37. Qg5 Qe7 38. Bf6 Qb7 39. Qh6+ Kg8 40. Rf3 Bd1 41.
Rxd1 1-0

[Event "ARM-ch 66th"]
[Site "Yerevan"]
[Date "2006.03.21"]
[Round "6"]
[White "Nalbandian, Tigran"]
[Black "Pashikian, Arman"]
[Result "0-1"]
[WhiteElo "2524"]
[BlackElo "2472"]
[Annotator "Mueller,Karsten"]
[PlyCount "120"]
[EventDate "2006.03.16"]
[EventType "tourn"]
[EventRounds "9"]
[EventCountry "ARM"]
[EventCategory "11"]
[SourceTitle "CBM 112"]
[Source "ChessBase"]
[SourceDate "2006.06.07"]
[SourceVersion "1"]
[SourceVersionDate "2006.06.07"]
[SourceQuality "1"]

1. d4 Nf6 2. Bg5 e6 3. Nf3 c5 4. e3 h6 5. Bh4 b6 6. c4 cxd4 7. exd4 Bb7 8. Nc3
Be7 9. Bd3 Bxf3 10. Qxf3 Nc6 11. Ne2 Bb4+ 12. Kf1 Be7 13. g4 Rc8 14. Rc1 O-O
15. Kg2 d5 16. a3 Ne4 17. Bxe7 Qxe7 18. cxd5 exd5 19. Nf4 Qd6 20. Nxd5 Ng5 21.
Rxc6 Rxc6 22. Ne7+ Qxe7 23. Qxc6 Rd8 24. Bf5 g6 25. h4 gxf5 26. hxg5 Qxg5 27.
Qxh6 Qxh6 28. Rxh6 fxg4 29. Rc6 Rxd4 30. Rc7 Ra4 31. Kg3 Kg7 32. Rc6 Rd4 33.
Rc7 Ra4 34. Rc6 f6 35. Rc7+ Kg6 36. Rb7 f5 37. Rc7 Kg5 38. Rg7+ Kf6 39. Rc7 b5
40. Rb7 a6 41. Rc7 Re4 42. Rc6+ Re6 43. Rc5 Rd6 44. Kf4 Rd4+ 45. Kg3 Kg5 46.
Kg2 Rd2 47. Rc6 a5 48. b3 Rd3 49. Ra6 f4 50. Rxa5 Kh4 51. Ra8 Rxb3 52. a4 $2 (
52. Rh8+ {musste geschehen. Weiß steht allerdings auch danach mit dem Rücken
zur Wand.}) 52... bxa4 53. Rxa4 (53. Rh8+ Kg5 54. Rg8+ Kf5 55. Rf8+ Ke4 56.
Re8+ Kd3 57. Rf8 Rb4 $19) 53... f3+ 54. Kg1 Rb1+ 55. Kh2 Rb2 56. Kg1 Kh3 57.
Ra1 g3 58. Rf1 (58. fxg3 Kxg3 59. Rc1 Rg2+ 60. Kf1 Rh2 61. Kg1 f2+ 62. Kf1 Rh1+
63. Ke2 Rxc1 $19) 58... Rc2 59. fxg3 (59. Ra1 gxf2+ 60. Kf1 Kg3 61. Rb1 Rc8 62.
Ra1 Rh8 63. Ra7 Rh1#) 59... Rg2+ 60. Kh1 f2 {[%cal Gg2h2]} 0-1